[Event "Scarborough CC Falling Leaves"]
[Site "Toronto CAN"]
[Date "2010.12.02"]
[Round "6"]
[White "Casareno, Erwin"]
[Black "Ferreira, Alex"]
[Result "1-0"]
[WhiteElo "2129"]
[BlackElo "2087"]
[PlyCount "113"]
[EventDate "2010.10.28"]
[EventType "swiss"]
[EventRounds "7"]
[EventCountry "CAN"]

1. e4 Nf6 2. e5 Nd5 3. c4 Nb6 4. c5 Nd5 5. Bc4 e6 6. d4 d6 7. cxd6 cxd6 8. Nf3
dxe5 9. dxe5 Bb4+ 10. Bd2 Bxd2+ 11. Nbxd2 O-O 12. O-O Nb6 13. Bb3 Nc6 14. Qe2
Bd7 15. Ne4 Nb4 16. Rfd1 N4d5 17. Nfg5 h6 18. Nf3 Bc6 19. Nd4 Ba4 20. Qg4 Bxb3
21. axb3 Nd7 22. Nxe6 fxe6 23. Qxe6+ Kh8 24. Rxd5 Qh4 25. Qg6 Qe7 26. e6 Nf6
27. Re5 Qc7 28. Nxf6 Rxf6 29. Qe4 Re8 30. Re1 Qb6 31. Qe3 Qxe3 32. R1xe3 Kg8
33. g3 Kf8 34. Kg2 Ke7 35. f4 Rd8 36. f5 Rd2+ 37. Kh3 Rf8 38. Rc5 Kd6 39. e7
Re8 40. Rce5 Rxb2 41. g4 Rd2 42. Kg3 a6 43. h4 Rd4 44. g5 Kd7 45. f6 gxf6 46.
gxf6 Rg8+ 47. Kf3 Ke8 48. f7+ Kxf7 49. e8=Q+ Rxe8 50. Rxe8 Rxh4 51. R8e7+ Kf6
52. Rxb7 a5 53. Rb6+ Kf7 54. Re4 Rh1 55. Rc4 Ke8 56. Rc7 Kd8 57. Rh7 1-0

[Event "Scarborough CC Falling Leaves"]
[Site "Toronto CAN"]
[Date "2010.10.21"]
[Round "6"]
[White "Hall, John"]
[Black "Wiebe, Daniel"]
[Result "1-0"]
[WhiteElo "2250"]
[BlackElo "1900"]
[PlyCount "50"]
[EventDate "2010.10.28"]
[EventType "swiss"]
[EventRounds "7"]
[EventCountry "CAN"]

1. e4 c5 2. Nf3 d6 3. Bb5+ Bd7 4. Bxd7+ Qxd7 5. O-O Nc6 6. c3 Nf6 7. d4 cxd4 8.
cxd4 Nxe4 9. d5 Ne5 10. Re1 Nxf3+ 11. Qxf3 Nf6 12. Nc3 h5 13. Bg5 O-O-O 14. Qd3
g6 15. Be3 e5 16. dxe6 fxe6 17. Bxa7 Bh6 18. Qc4+ Qc6 19. Qxe6+ Nd7 20. Nd5
Rhe8 21. Qxe8 Qxd5 22. Qxg6 Rg8 23. Re8+ Rxe8 24. Qxe8+ Kc7 25. Qh8 Qd2 1-0

[Event "Scarborough CC Falling Leaves"]
[Site "Toronto CAN"]
[Date "2010.12.02"]
[Round "6"]
[White "Moffat, Andrei"]
[Black "Song, Michael"]
[Result "0-1"]
[WhiteElo "2259"]
[BlackElo "2133"]
[PlyCount "87"]
[EventDate "2010.10.28"]
[EventType "swiss"]
[EventRounds "7"]
[EventCountry "CAN"]

1. d4 Nf6 2. Nc3 d5 3. Nf3 Bf5 4. Bg5 e6 5. e3 Nbd7 6. Bd3 Bxd3 7. cxd3 h6 8.
Bf4 Be7 9. O-O c6 10. Rc1 O-O 11. a3 Re8 12. Re1 Nf8 13. Re2 g5 14. Bg3 Nh5 15.
Na4 Nxg3 16. hxg3 g4 17. Nh2 h5 18. Nc5 Bxc5 19. Rxc5 f5 20. b4 Re7 21. e4 Rh7
22. b5 Nd7 23. Rc1 h4 24. bxc6 bxc6 25. exf5 hxg3 26. fxg3 Qf6 27. Rxe6 Qxd4+
28. Kh1 Kf7 29. Qg1 Qxd3 30. Rce1 Qxa3 31. f6 Rah8 32. Re7+ Kg6 33. Rg7+ Rxg7
34. fxg7 Kxg7 35. Qd4+ Nf6 36. Kg1 Qxg3 37. Re7+ Kg6 38. Nf1 Qd6 39. Qxa7 Rh7
40. Rxh7 Nxh7 41. Ne3 Nf6 42. Qd4 Qe6 43. g3 Kg5 44. Qf4+ 0-1

[Event "Scarborough CC Falling Leaves"]
[Site "Toronto CAN"]
[Date "2010.12.02"]
[Round "6"]
[White "Picana, Andrew"]
[Black "Southam, David"]
[Result "1-0"]
[WhiteElo "2144"]
[BlackElo "2161"]
[PlyCount "137"]
[EventDate "2010.10.28"]
[EventType "swiss"]
[EventRounds "7"]
[EventCountry "CAN"]

1. e4 e6 2. d4 d5 3. Nc3 Bb4 4. e5 c5 5. a3 Bxc3+ 6. bxc3 Qc7 7. Bd2 b6 8. Bb5+
Bd7 9. a4 Bxb5 10. axb5 a5 11. bxa6 Rxa6 12. Rxa6 Nxa6 13. Nf3 Ne7 14. O-O h6
15. Qe2 Nb8 16. Qb5+ Nd7 17. Ra1 O-O 18. Ra6 Rb8 19. Qa4 Qc6 20. Qa3 Ng6 21.
Qc1 Ra8 22. Rxa8+ Qxa8 23. h4 Qd8 24. g3 Ne7 25. Qa3 Nc6 26. Qa4 Na5 27. Bc1
Nc4 28. Nd2 Nxd2 29. Bxd2 Qc8 30. Be3 f6 31. exf6 Nxf6 32. dxc5 bxc5 33. Qa7 c4
34. Qe7 Qd7 35. Qb4 Qf7 36. Bd4 Kh7 37. Qd6 Ne4 38. Qe5 Nd2 39. Qe3 Nf3+ 40.
Kg2 Nxd4 41. cxd4 Qf5 42. Qe2 Kg8 43. g4 Qf6 44. Kg3 Qf7 45. Qe5 Qd7 46. g5
hxg5 47. hxg5 Kh7 48. Kg4 Qf7 49. Qh2+ Kg8 50. Qb8+ Kh7 51. Qh2+ Kg8 52. Qf4
Qd7 53. Qb8+ Kh7 54. Qh2+ Kg8 55. g6 e5+ 56. Kg3 Qe6 57. Qh7+ Kf8 58. Qh8+ Qg8
59. Qxg8+ Kxg8 60. dxe5 Kf8 61. f4 Ke7 62. f5 Kf8 63. Kf3 d4 64. Ke4 d3 65. Ke3
dxc2 66. Kd2 Ke7 67. Kxc2 Kf8 68. Kc3 Kg8 69. Kxc4 1-0

[Event "Scarborough CC Falling Leaves"]
[Site "Toronto CAN"]
[Date "2010.12.02"]
[Round "6"]
[White "Sharpe, Sam"]
[Black "Xie, Peter"]
[Result "1-0"]
[WhiteElo "1988"]
[BlackElo "1637"]
[PlyCount "37"]
[EventDate "2010.10.28"]
[EventType "swiss"]
[EventRounds "7"]
[EventCountry "CAN"]

1. d4 Nf6 2. c4 g6 3. Nc3 Bg7 4. e4 d6 5. f4 O-O 6. Nf3 c5 7. Be2 cxd4 8. Nxd4
Nc6 9. O-O Nxe4 10. Nxc6 Qb6+ 11. Kh1 Qxc6 12. Nd5 Qd7 13. Bd3 Nf6 14. f5 Nxd5
15. cxd5 Qc7 16. Qe2 Qc5 17. Bg5 f6 18. Be3 Qxd5 19. Bc4 1-0

[Event "Scarborough CC Falling Leaves"]
[Site "Toronto CAN"]
[Date "2010.10.21"]
[Round "6"]
[White "Sharpe, Sam"]
[Black "Zhou, Kevin"]
[Result "1-0"]
[WhiteElo "1972"]
[BlackElo "1900"]
[PlyCount "51"]
[EventDate "2010.10.28"]
[EventType "swiss"]
[EventRounds "7"]
[EventCountry "CAN"]

1. d4 Nf6 2. c4 g6 3. Nc3 Bg7 4. e4 d6 5. Be2 O-O 6. f4 c5 7. Nf3 Qa5 8. O-O
cxd4 9. Nxd4 Qb6 10. Be3 Ng4 11. Bxg4 Bxg4 12. Qd2 Qb4 13. f5 gxf5 14. exf5 e5
15. Nc2 Qxc4 16. f6 Rc8 17. fxg7 d5 18. Nxd5 Qxc2 19. Ne7+ Kxg7 20. Bh6+ Kh8
21. Qg5 Qxg2+ 22. Kxg2 Rc2+ 23. Kg1 Rg2+ 24. Kxg2 Bh3+ 25. Kxh3 f5 26. Bg7# 1-0

[Event "Scarborough CC Falling Leaves"]
[Site "Toronto CAN"]
[Date "2010.12.02"]
[Round "6"]
[White "Wu, Kevin"]
[Black "Krupka, David"]
[Result "1-0"]
[WhiteElo "1957"]
[BlackElo "1986"]
[PlyCount "77"]
[EventDate "2010.10.28"]
[EventType "swiss"]
[EventRounds "7"]
[EventCountry "CAN"]

1. e4 e5 2. Nf3 Nc6 3. Bb5 a6 4. Ba4 b5 5. Bb3 Be7 6. O-O Nf6 7. Re1 d6 8. h3
O-O 9. c3 Na5 10. Bc2 c5 11. d4 cxd4 12. cxd4 Nd7 13. Nbd2 Nc6 14. d5 Ncb8 15.
Nf1 Nb6 16. Ng3 g6 17. Nh2 Bf6 18. Ng4 Bg7 19. b3 N8d7 20. Rb1 Nc5 21. Rf1 Qh4
22. Nh2 Ra7 23. Be3 Rc7 24. Qd2 Qe7 25. Rbc1 f5 26. exf5 gxf5 27. Bg5 Qf7 28.
b4 Nca4 29. Bb3 Nc4 30. Rxc4 Rxc4 31. Bxc4 bxc4 32. Rd1 Bd7 33. Nf3 Rb8 34. Bh6
f4 35. Bxg7 Qxg7 36. Ne4 Bxh3 37. Neg5 Bf5 38. Ne6 Qe7 39. Neg5 1-0

[Event "Scarborough CC Falling Leaves"]
[Site "Toronto CAN"]
[Date "2010.12.09"]
[Round "7"]
[White "Bzikot, Robert"]
[Black "Ferreira, Alex"]
[Result "0-1"]
[WhiteElo "2024"]
[BlackElo "2087"]
[PlyCount "88"]
[EventDate "2010.10.28"]
[EventType "swiss"]
[EventRounds "7"]
[EventCountry "CAN"]

1. e4 e5 2. Nf3 Nc6 3. Bb5 Nf6 4. O-O Nxe4 5. d4 Nd6 6. Bxc6 dxc6 7. Nxe5 Be7
8. b3 O-O 9. Bb2 Nf5 10. Qd3 c5 11. d5 Bf6 12. Qc4 Qd6 13. f4 Ne3 14. Qe4 Nxf1
15. Kxf1 c6 16. Nc3 Re8 17. dxc6 bxc6 18. Rd1 Qe6 19. Na4 Bxe5 20. fxe5 c4 21.
Kg1 Qg4 22. Qe1 Be6 23. Rd4 Qg6 24. h3 Bxh3 25. Qd2 Be6 26. Nc5 cxb3 27. axb3
h6 28. Rd6 Rac8 29. b4 Qg5 30. Qe2 Rcd8 31. Ne4 Qg4 32. Qxg4 Bxg4 33. Rxc6 Rc8
34. Rxc8 Rxc8 35. c3 Be6 36. Nd6 Rc6 37. Kf2 f6 38. Ke3 fxe5 39. Ne4 Bd5 40.
Nc5 Bxg2 41. c4 Bf1 42. Bxe5 Bxc4 43. Kd4 Ba2 44. b5 Rb6 0-1

[Event "Scarborough CC Falling Leaves"]
[Site "Toronto CAN"]
[Date "2010.12.09"]
[Round "7"]
[White "Guo, Joshua"]
[Black "Moffat, Andrei"]
[Result "1-0"]
[WhiteElo "2198"]
[BlackElo "2259"]
[PlyCount "60"]
[EventDate "2010.10.28"]
[EventType "swiss"]
[EventRounds "7"]
[EventCountry "CAN"]

1. e4 c5 2. Nf3 Nc6 3. d4 cxd4 4. Nxd4 Qb6 5. Nb3 Nf6 6. Nc3 e6 7. Be3 Qc7 8.
f4 Bb4 9. Bd3 O-O 10. O-O Bxc3 11. bxc3 d6 12. g4 e5 13. f5 d5 14. g5 Nxe4 15.
Bxe4 dxe4 16. f6 g6 17. Qe1 Bf5 18. Qh4 Nd8 19. Qh6 Ne6 20. Bc5 Rfd8 21. Rae1
Rd5 22. Rxf5 Rxc5 23. Rxe4 Rc4 24. Rfxe5 Rxe4 25. Rxe4 Rd8 26. Rh4 Rd1+ 27. Kf2
Qb6+ 28. Nd4 Rd2+ 29. Ke1 Re2+ 30. Nxe2 Qb1+ 1-0

[Event "Scarborough CC Falling Leaves"]
[Site "Toronto CAN"]
[Date "2010.12.09"]
[Round "7"]
[White "Pedersen, Rune"]
[Black "Manalo, Pepin"]
[Result "1-0"]
[WhiteElo "2342"]
[BlackElo "1840"]
[PlyCount "65"]
[EventDate "2010.10.28"]
[EventType "swiss"]
[EventRounds "7"]
[EventCountry "CAN"]

1. e4 c5 2. Nf3 Nc6 3. d4 cxd4 4. Nxd4 e5 5. Nb5 d6 6. a4 a6 7. N5a3 Nf6 8. Nc3
Be6 9. Bc4 Qd7 10. O-O Be7 11. Bxe6 Qxe6 12. Nd5 Bd8 13. Bg5 O-O 14. Bxf6 gxf6
15. Nc4 Kh8 16. Ra3 Rg8 17. Nce3 Ba5 18. Rd3 Rg6 19. f4 Rg7 20. f5 Qc8 21. Nxf6
Bb6 22. Kh1 Bxe3 23. Rxe3 Qd8 24. Nh5 Rg5 25. Rd3 Qg8 26. Ng3 Qg7 27. Rxd6 Rg8
28. Rf2 f6 29. Nh5 Qh6 30. Nxf6 R8g7 31. Qf3 Rxg2 32. Qxg2 Rxg2 33. Rxg2 1-0

[Event "Scarborough CC Falling Leaves"]
[Site "Toronto CAN"]
[Date "2010.12.09"]
[Round "7"]
[White "Picana, Andrew"]
[Black "Corvo, Paul"]
[Result "1-0"]
[WhiteElo "2144"]
[BlackElo "1902"]
[PlyCount "71"]
[EventDate "2010.10.28"]
[EventType "swiss"]
[EventRounds "7"]
[EventCountry "CAN"]

1. e4 e5 2. f4 d5 3. exd5 exf4 4. Bc4 Nf6 5. Nf3 Bc5 6. d4 Bd6 7. Qe2+ Qe7 8.
Qxe7+ Kxe7 9. Nc3 a6 10. O-O b5 11. Bb3 h6 12. Bd2 Nbd7 13. Rae1+ Kf8 14. Ne5
g5 15. g3 fxg3 16. hxg3 Kg7 17. Ne4 Re8 18. Nxd6 cxd6 19. Nc6 Nb6 20. Rxe8 Nxe8
21. Ba5 Nc4 22. Bxc4 bxc4 23. Rf3 Bd7 24. Rc3 Bxc6 25. dxc6 d5 26. b3 Rc8 27.
bxc4 Rxc6 28. cxd5 Rd6 29. Rc8 Rxd5 30. Bb4 Nf6 31. Bc5 Ne4 32. c4 Rd7 33. Bf8+
Kg6 34. d5 Nc3 35. d6 Nxa2 36. Rc7 1-0

[Event "Scarborough CC Falling Leaves"]
[Site "Toronto CAN"]
[Date "2010.12.09"]
[Round "7"]
[White "Song, Michael"]
[Black "Abrahams, Daniel"]
[Result "1-0"]
[WhiteElo "2133"]
[BlackElo "2116"]
[PlyCount "47"]
[EventDate "2010.10.28"]
[EventType "swiss"]
[EventRounds "7"]
[EventCountry "CAN"]

1. d4 Nf6 2. c4 e6 3. Nf3 Bb4+ 4. Bd2 a5 5. a3 Be7 6. Nc3 d6 7. e4 O-O 8. Be2
Nbd7 9. b4 e5 10. d5 c6 11. Be3 Ne8 12. O-O g6 13. Bh6 Ng7 14. Qc2 Nf6 15. h3
cxd5 16. cxd5 Nfe8 17. b5 f5 18. Nd2 f4 19. f3 Nf6 20. Nc4 Nfh5 21. Na4 Ng3 22.
Rfc1 Bg5 23. Bxg7 Kxg7 24. Ncb6 1-0

[Event "Scarborough CC Falling Leaves"]
[Site "Toronto CAN"]
[Date "2010.12.09"]
[Round "7"]
[White "Southam, David"]
[Black "Casareno, Erwin"]
[Result "0-1"]
[WhiteElo "2161"]
[BlackElo "2129"]
[PlyCount "68"]
[EventDate "2010.10.28"]
[EventType "swiss"]
[EventRounds "7"]
[EventCountry "CAN"]

1. d4 d5 2. c4 c6 3. Nf3 Nf6 4. Nc3 a6 5. c5 Nbd7 6. Bf4 Nh5 7. e3 g6 8. b4 Bg7
9. h3 O-O 10. Bh2 Re8 11. g4 Nhf6 12. Bd3 h5 13. Ne5 hxg4 14. Qc2 Nxe5 15. Bxe5
Qd7 16. Na4 Qe6 17. Nb6 Bd7 18. Nxa8 Rxa8 19. O-O-O gxh3 20. Kb1 a5 21. bxa5
Rxa5 22. Rdg1 Ne4 23. Bxg7 Kxg7 24. f3 Nxc5 25. dxc5 Qxe3 26. Qc3+ e5 27. Re1
Rxc5 28. Qxe5+ Qxe5 29. Rxe5 Rc3 30. Be2 Kf6 31. Kb2 d4 32. f4 Bf5 33. Re8 b5
34. Rf8 Rc2+ 0-1

[Event "Scarborough CC Falling Leaves U1700"]
[Site "Toronto CAN"]
[Date "2010.10.28"]
[Round "1"]
[White "Azizi, Hamid"]
[Black "Patel, Saiyam"]
[Result "1-0"]
[WhiteElo "1441"]
[BlackElo "953"]
[PlyCount "71"]
[EventDate "2010.10.28"]
[EventType "swiss"]
[EventRounds "7"]
[EventCountry "CAN"]

1. e4 e6 2. d4 Bb4+ 3. c3 Ba5 4. Nf3 b5 5. Bxb5 c6 6. Bd3 Ba6 7. O-O Qc7 8. Qe2
Qd6 9. Bxa6 Bc7 10. Bb7 g5 11. e5 Qe7 12. Bxg5 Qf8 13. Nbd2 f6 14. Bf4 h6 15.
Nc4 Ne7 16. exf6 Qxf6 17. Bxc7 Rg8 18. Nd6+ Kf8 19. Bxa8 Qg6 20. Nh4 Qg5 21.
Qf3+ Kg7 22. g3 Rf8 23. Qe4 Ng6 24. Nxg6 Rf6 25. Ne8+ Kf7 26. Nxf6 Kxf6 27.
Be5+ Kf7 28. Bxb8 d6 29. Bxd6 h5 30. Ne5+ Kf6 31. Nd7+ Kg7 32. Qxe6 c5 33. Bd5
c4 34. Qg8+ Kh6 35. Bf8+ Qg7 36. Qxg7# 1-0

[Event "Scarborough CC Falling Leaves U1700"]
[Site "Toronto CAN"]
[Date "2010.10.28"]
[Round "1"]
[White "Cui, Gordon"]
[Black "Roy, Lawrence"]
[Result "1-0"]
[WhiteElo "1403"]
[BlackElo "874"]
[PlyCount "99"]
[EventDate "2010.10.28"]
[EventType "swiss"]
[EventRounds "7"]
[EventCountry "CAN"]

1. e4 e5 2. Nf3 Nf6 3. Nxe5 d6 4. Nf3 Nxe4 5. Qe2 Qe7 6. d4 Nc6 7. Nbd2 Nxd2 8.
Qxe7+ Bxe7 9. Bxd2 O-O 10. Bc4 Bg4 11. d5 Bxf3 12. gxf3 Ne5 13. Be2 Rfe8 14.
O-O-O Bf6 15. Bb5 c6 16. dxc6 bxc6 17. Be2 Rab8 18. Bc3 Nd7 19. Bxf6 Rxe2 20.
Bh4 Ne5 21. f4 Ng6 22. Bg3 d5 23. f5 Ne7 24. Bxb8 Rxf2 25. Rhe1 h6 26. Rxe7
Rxf5 27. Re5 Rf3 28. Rd3 Rf2 29. Re8+ Kh7 30. Rd2 Rxd2 31. Kxd2 f6 32. Bxa7 g6
33. Bd4 g5 34. Bxf6 Kg6 35. Be7 c5 36. Bxc5 d4 37. a4 d3 38. Kxd3 h5 39. Rg8+
Kf5 40. Be3 h4 41. Rxg5+ Kf6 42. a5 h3 43. a6 Ke6 44. a7 Kd6 45. a8=Q Ke6 46.
Qa6+ Kf7 47. Qg6+ Ke7 48. Rh5 Kd7 49. Rh7+ Kd8 50. Qg8# 1-0

[Event "Scarborough CC Falling Leaves U1700"]
[Site "Toronto CAN"]
[Date "2010.10.28"]
[Round "1"]
[White "Dattani, Dinesh"]
[Black "Stroempl, Hedi"]
[Result "1-0"]
[WhiteElo "1464"]
[BlackElo "1040"]
[PlyCount "55"]
[EventDate "2010.10.28"]
[EventType "swiss"]
[EventRounds "7"]
[EventCountry "CAN"]

1. e4 e5 2. Nf3 d6 3. Bc4 h6 4. d4 exd4 5. Nxd4 a6 6. Nc3 c5 7. Nf3 Nc6 8. O-O
b5 9. Bxf7+ Kxf7 10. Qd5+ Ke8 11. Qxc6+ Bd7 12. Qd5 Ne7 13. Qd2 Bc6 14. Nd5 g5
15. Re1 Bg7 16. c3 Kf7 17. b3 Qd7 18. Nb6 Qb7 19. Nxa8 Rd8 20. Bb2 Qxa8 21. Qd3
d5 22. Rad1 c4 23. Qe3 Qb7 24. Nd4 Qc7 25. Nxc6 Nxc6 26. exd5 Ne7 27. Qe6+ Kf8
28. d6 1-0

[Event "Scarborough CC Falling Leaves U1700"]
[Site "Toronto CAN"]
[Date "2010.10.28"]
[Round "1"]
[White "Graham, John"]
[Black "Popov, Pavel"]
[Result "0-1"]
[WhiteElo "1485"]
[BlackElo "1203"]
[PlyCount "102"]
[EventDate "2010.10.28"]
[EventType "swiss"]
[EventRounds "7"]
[EventCountry "CAN"]

1. c4 e5 2. Nc3 Bc5 3. e3 d6 4. a3 a6 5. g3 f6 6. Bg2 Ne7 7. Nge2 Nbc6 8. O-O
O-O 9. d4 Bb6 10. b4 exd4 11. Nxd4 Nxd4 12. exd4 c5 13. d5 Ba7 14. b5 axb5 15.
Nxb5 Bb6 16. Bb2 Ba5 17. Qd3 Bf5 18. Be4 Bxe4 19. Qxe4 Ng6 20. Qe6+ Kh8 21.
Nxd6 Qc7 22. Nb5 Qd8 23. d6 Re8 24. Qd5 Qd7 25. Bc3 Bxc3 26. Nxc3 Re5 27. Qd3
Re6 28. Nb5 Ne5 29. Qd5 Rc8 30. Rab1 Qc6 31. Na7 Rxd6 32. Nxc6 Rxd5 33. cxd5
bxc6 34. dxc6 Nxc6 35. Rb7 Kg8 36. Rfb1 Kf8 37. Rd7 Ne5 38. Ra7 c4 39. Rbb7 Nc6
40. Rf7+ Ke8 41. Rxg7 Nxa7 42. Rxa7 c3 43. Ra4 f5 44. Ra5 c2 45. Re5+ Kf7 46.
Rxf5+ Ke6 47. Rf4 c1=Q+ 48. Kg2 Rc4 49. Rf8 Qxa3 50. Rh8 Rc7 51. Re8+ Re7 0-1

[Event "Scarborough CC Falling Leaves U1700"]
[Site "Toronto CAN"]
[Date "2010.10.28"]
[Round "1"]
[White "Liang, Phillip"]
[Black "Karpik, Steve"]
[Result "0-1"]
[WhiteElo "1103"]
[BlackElo "1594"]
[PlyCount "76"]
[EventDate "2010.10.28"]
[EventType "swiss"]
[EventRounds "7"]
[EventCountry "CAN"]

1. d4 Nf6 2. c4 d6 3. Nc3 g6 4. g3 Bg7 5. Bg2 Nc6 6. Nf3 O-O 7. e4 Bg4 8. O-O
e5 9. d5 Ne7 10. Qc2 Qc8 11. Nd2 Bh3 12. f4 Bxg2 13. Kxg2 Ng4 14. Qd3 f5 15. h3
Nh6 16. Nf3 fxe4 17. Qxe4 Qf5 18. fxe5 dxe5 19. Bxh6 Bxh6 20. Nxe5 Qg5 21. Nf3
Qf6 22. Rad1 Nf5 23. Rd3 Rae8 24. Qg4 Ne3+ 25. Rxe3 Rxe3 26. Nh2 Qe7 27. Rxf8+
Qxf8 28. Qd4 Qf5 29. Ng4 Qc2+ 30. Kf1 Rf3+ 31. Ke1 Bg7 32. Ne3 Qf2+ 33. Kd1
Bxd4 34. Nc2 Bxc3 35. bxc3 Rd3+ 36. Kc1 Rxc3 37. Kd1 Rxc2 38. d6 Qd2# 0-1

[Event "Scarborough CC Falling Leaves U1700"]
[Site "Toronto CAN"]
[Date "2010.10.28"]
[Round "1"]
[White "Lin, Benjamin"]
[Black "Spiliotopoulos, Yakos"]
[Result "0-1"]
[WhiteElo "1085"]
[BlackElo "1467"]
[PlyCount "108"]
[EventDate "2010.10.28"]
[EventType "swiss"]
[EventRounds "7"]
[EventCountry "CAN"]

1. c4 Nf6 2. d4 c5 3. e3 cxd4 4. exd4 g6 5. Nc3 Bg7 6. Nf3 d6 7. Be2 O-O 8. O-O
a6 9. Be3 h6 10. Qd2 Kh7 11. h3 Nc6 12. d5 Nb8 13. Rfe1 e5 14. dxe6 Bxe6 15.
Rad1 Nc6 16. Qxd6 Qc8 17. Qg3 Ne7 18. Bd3 Nf5 19. Bxf5 Bxf5 20. Bd4 Qxc4 21. b3
Qc8 22. Nd5 Nxd5 23. Bxg7 Kxg7 24. Rxd5 Qc3 25. Qe5+ Qxe5 26. Rexe5 Rfe8 27.
Rxe8 Rxe8 28. Re5 Rxe5 29. Nxe5 Kf6 30. Ng4+ Kg5 31. f3 a5 32. Kf2 b5 33. Ke3
h5 34. Ne5 f6 35. Nc6 a4 36. bxa4 bxa4 37. Nd4 Bd7 38. f4+ Kh4 39. Kf3 g5 40.
fxg5 fxg5 41. Ne2 a3 42. Ng1 g4+ 43. hxg4 hxg4+ 44. Kf2 Be6 45. g3+ Kg5 46. Ke3
Bxa2 47. Kd3 Bc4+ 48. Kc3 a2 49. Kb2 Kf5 50. Ka1 Ke4 51. Kb2 Ke3 52. Ka1 Kf2
53. Nh3+ gxh3 54. g4 h2 0-1

[Event "Scarborough CC Falling Leaves U1700"]
[Site "Toronto CAN"]
[Date "2010.10.28"]
[Round "1"]
[White "Palakkal, Anirudh"]
[Black "Aghamalian, Derick"]
[Result "0-1"]
[WhiteElo "989"]
[BlackElo "1464"]
[PlyCount "120"]
[EventDate "2010.10.28"]
[EventType "swiss"]
[EventRounds "7"]
[EventCountry "CAN"]

1. Nf3 Nc6 2. Nc3 d5 3. d4 Nf6 4. e3 e6 5. Bd3 Bd7 6. Na4 Nxd4 7. exd4 Bxa4 8.
b3 Bd7 9. O-O Bd6 10. Qe1 h6 11. a4 c6 12. Ne5 Qc7 13. Nxd7 Qxd7 14. c4 O-O 15.
Bc2 Qc7 16. g3 Rad8 17. Bb2 Rfe8 18. c5 Be7 19. a5 a6 20. Bc1 Bf8 21. Bf4 Qd7
22. Rd1 Be7 23. b4 Rc8 24. Qd2 Bd8 25. Qd3 Bc7 26. Rde1 Bxf4 27. gxf4 Qc7 28.
Qd2 Nh5 29. f5 Nf6 30. Re3 Kh8 31. Kh1 e5 32. Qe2 exd4 33. Rxe8+ Rxe8 34. Qf3
Qe5 35. Qg2 Qe2 36. Rg1 Rg8 37. Bb1 d3 38. Rf1 d2 39. Bc2 d4 40. Qg1 Qf3+ 41.
Qg2 Qxg2+ 42. Kxg2 Nd5 43. Bb3 Nc3 44. h3 Re8 45. f3 Re1 46. Rg1 Rxg1+ 47. Kxg1
d1=Q+ 48. Bxd1 Nxd1 49. Kf1 Nc3 50. Ke1 Kg8 51. Kd2 Kf8 52. Kd3 Nb5 53. f4 Ke8
54. Ke2 Ke7 55. h4 Kf6 56. Kf3 Kxf5 57. h5 g6 58. Kg2 g5 59. fxg5 Kxg5 60. Kf3
Kxh5 0-1

[Event "Scarborough CC Falling Leaves U1700"]
[Site "Toronto CAN"]
[Date "2010.10.28"]
[Round "1"]
[White "Philip, Andrew"]
[Black "Vyravanathan, Sobiga"]
[Result "1-0"]
[WhiteElo "1593"]
[BlackElo "1280"]
[PlyCount "120"]
[EventDate "2010.10.28"]
[EventType "swiss"]
[EventRounds "7"]
[EventCountry "CAN"]

1. d4 Nf6 2. Bg5 d5 3. Bxf6 exf6 4. e3 Be7 5. Bd3 Nc6 6. a3 Qd7 7. h3 O-O 8.
Nd2 Re8 9. Ne2 a6 10. c4 Qd6 11. O-O Be6 12. c5 Qd7 13. b4 b5 14. cxb6 cxb6 15.
Rc1 Rec8 16. Nc3 Qd6 17. b5 axb5 18. Nxb5 Qd8 19. Qb3 Na5 20. Qa2 Rxc1 21. Rxc1
Rc8 22. Rc3 Rxc3 23. Nxc3 Qd6 24. Nb5 Qb8 25. Nb1 Qc8 26. N1c3 Qd8 27. Be2 h6
28. Bf3 Nc4 29. Be2 Na5 30. Qc2 Qc8 31. Qa2 Qd8 32. Na4 Nc4 33. Bxc4 dxc4 34.
Nac3 Qa8 35. a4 Bd5 36. Nc7 Qa5 37. N7xd5 Bb4 38. Qxc4 Bxc3 39. Qxc3 Qxd5 40.
Qc8+ Kh7 41. Qa6 Qd8 42. Qb5 g6 43. d5 Kg7 44. Qc6 Kf8 45. d6 f5 46. Qc7 Ke8
47. Qc6+ Qd7 48. Qxb6 Qxa4 49. Qb8+ Kd7 50. Qc7+ Ke6 51. Qe7+ Kd5 52. d7 Qd1+
53. Kh2 Kc4 54. d8=Q Qxd8 55. Qxd8 Kc5 56. Qd4+ Kc6 57. Kg1 h5 58. Kf1 g5 59.
Ke2 g4 60. hxg4 hxg4 1-0

[Event "Scarborough CC Falling Leaves U1700"]
[Site "Toronto CAN"]
[Date "2010.10.28"]
[Round "1"]
[White "Pishdad, Hassan"]
[Black "Zhang, John"]
[Result "0-1"]
[WhiteElo "1236"]
[BlackElo "1557"]
[PlyCount "68"]
[EventDate "2010.10.28"]
[EventType "swiss"]
[EventRounds "7"]
[EventCountry "CAN"]

1. d4 Nf6 2. c4 g6 3. Nf3 Bg7 4. g3 O-O 5. Bg2 d6 6. O-O Nbd7 7. Nc3 e5 8. dxe5
dxe5 9. Qc2 Qe7 10. e4 Nb6 11. b3 Nh5 12. Bb2 c6 13. a4 Qc7 14. Rad1 f5 15. Nh4
f4 16. Qe2 Qf7 17. Ba3 Re8 18. c5 Nd7 19. Rd6 Bf8 20. Rd3 Nxc5 21. Bxc5 Bxc5
22. Bf3 fxg3 23. Bxh5 gxh2+ 24. Kh1 gxh5 25. Rg3+ Kh8 26. Kxh2 Rg8 27. Rxg8+
Kxg8 28. Rg1+ Kh8 29. Qd2 Qxf2+ 30. Qxf2 Bxf2 31. Ng6+ hxg6 32. Rxg6 Bg4 33.
Kg2 Bd4 34. Na2 Rf8 0-1

[Event "Scarborough CC Falling Leaves U1700"]
[Site "Toronto CAN"]
[Date "2010.10.28"]
[Round "1"]
[White "Rodriguez, Sergio"]
[Black "Veecock, Carl"]
[Result "0-1"]
[WhiteElo "847"]
[BlackElo "1397"]
[PlyCount "150"]
[EventDate "2010.10.28"]
[EventType "swiss"]
[EventRounds "7"]
[EventCountry "CAN"]

1. e4 c6 2. d4 d5 3. Nc3 dxe4 4. Nxe4 Bf5 5. Nc3 Nf6 6. Nf3 Nbd7 7. Bd3 Bxd3 8.
Qxd3 e6 9. Bg5 Be7 10. Ne5 Nxe5 11. dxe5 Qxd3 12. cxd3 Ng8 13. Bxe7 Nxe7 14. g4
Nd5 15. h4 Nb4 16. Kd2 O-O-O 17. Rad1 Nxd3 18. Ke2 Nxe5 19. Rxd8+ Rxd8 20. g5
Nd3 21. b3 Nf4+ 22. Kf1 Nd5 23. Ne4 Nb4 24. a4 Rd1+ 25. Kg2 Rxh1 26. Kxh1 Kc7
27. h5 Nd5 28. f3 Nf4 29. h6 gxh6 30. gxh6 Ng6 31. Nf6 Nf8 32. Kg2 Kd6 33. f4
Kc5 34. Ne4+ Kb4 35. Nd6 f5 36. Nxb7 Kxb3 37. a5 Kb4 38. Nd8 c5 39. Nc6+ Kb5
40. Nxa7+ Kxa5 41. Nc6+ Kb5 42. Ne5 c4 43. Kf2 Kb4 44. Ke2 Kb3 45. Kd2 Kb2 46.
Nxc4+ Kb3 47. Kd3 Ng6 48. Nd2+ Kb4 49. Ke3 Kc3 50. Nf3 Kc4 51. Ng5 Nf8 52. Nf3
Kd5 53. Ne5 Kd6 54. Kd4 Ke7 55. Nf3 Kf6 56. Nh4 Ng6 57. Nxg6 Kxg6 58. Ke5 Kf7
59. Kd6 Kf6 60. Kd7 e5 61. fxe5+ Kxe5 62. Ke7 f4 63. Kf7 f3 64. Kg7 f2 65. Kxh7
f1=Q 66. Kg7 Qf6+ 67. Kh7 Kf5 68. Kg8 Qxh6 69. Kf7 Qg5 70. Ke8 Ke6 71. Kf8 Qf5+
72. Kg8 Ke7 73. Kh8 Qg5 74. Kh7 Kf7 75. Kh8 Qg7# 0-1

[Event "Scarborough CC Falling Leaves U1700"]
[Site "Toronto CAN"]
[Date "2010.10.28"]
[Round "1"]
[White "Roy, Harrison"]
[Black "Super, Russell"]
[Result "1/2-1/2"]
[WhiteElo "954"]
[BlackElo "1457"]
[PlyCount "56"]
[EventDate "2010.10.28"]
[EventType "swiss"]
[EventRounds "7"]
[EventCountry "CAN"]

1. e4 c5 2. Nf3 Nc6 3. d4 cxd4 4. Nxd4 Nf6 5. Nc3 d6 6. Bb5 Bd7 7. Nxc6 Bxc6 8.
Bxc6+ bxc6 9. O-O g6 10. Be3 Bg7 11. Bf4 O-O 12. e5 Nh5 13. Qf3 Nxf4 14. Qxf4
Bxe5 15. Qe4 Qd7 16. Rfd1 Rfd8 17. Na4 Qc7 18. f4 d5 19. Qxe5 Rd6 20. Nc5 Qb6
21. Qd4 Rb8 22. Rab1 Qb5 23. Rd3 Re8 24. Rb3 Qe2 25. Re3 Qxc2 26. Ree1 Qf5 27.
Rbc1 f6 28. Nb7 Rd7 1/2-1/2